|
|
|
|
| LEADER |
00000nam0a2200000 4500 |
| 001 |
138613 |
| 005 |
20231031141514.0 |
| 020 |
|
|
|a RU
|b 87-87329
|
| 035 |
|
|
|a (RuTPU)RU\TPU\book\150190
|
| 090 |
|
|
|a 138613
|
| 100 |
|
|
|a 20080528d1987 m a0rusy5003 ca
|
| 101 |
0 |
|
|a rus
|
| 102 |
|
|
|a RU
|
| 105 |
|
|
|a a z 001zy
|
| 200 |
1 |
|
|a Развитие бескоксовой металлургии
|f под ред. Н. А. Тулина, К. Майера
|
| 210 |
|
|
|a Москва
|c Металлургия
|d 1987
|
| 215 |
|
|
|a 326,[1] с.
|c ил.
|d 21 см
|
| 306 |
|
|
|a Совмест. изд.
|
| 320 |
|
|
|a Библиогр.: с. 322-324. (86 назв.)
|
| 320 |
|
|
|a Предм. указ.: с. 325-327.
|
| 610 |
1 |
|
|a железные руды
|
| 610 |
1 |
|
|a окатыши
|
| 610 |
1 |
|
|a металлизация
|
| 610 |
1 |
|
|a восстановление
|
| 610 |
1 |
|
|a металлургия
|
| 675 |
|
|
|a 669.18.02/09
|z rus
|
| 702 |
|
1 |
|a Тулин
|b Н. А.
|4 340
|
| 702 |
|
1 |
|a Майер
|b К.
|4 340
|
| 801 |
|
0 |
|a RU
|b RuMRKP
|c 19950417
|g psbo
|
| 801 |
|
1 |
|a RU
|b 63413507
|c 20080528
|g PSBO
|
| 801 |
|
2 |
|a RU
|b 63413507
|c 20090116
|g PSBO
|
| 942 |
|
|
|c BK
|